000 00797nam a2200205Ii 4500
003 JO-AjNU
008 230605s9999||||xx |||||||||||||| ||und||
040 _aJO-AjNU
_bara
_erda
_cJO-AjNU
041 _aara
050 1 4 _aBP80.Y23.I53.2004
100 3 _aنداف،عماد,
_eauthor
_938695
245 0 0 _aزمن أحمد ياسين :الشيخ عندما يقاوم/حياة الشيخ أحمد ياسين وحركة حماس دراسة
250 _aط1
264 3 1 _aدمشق-بيروت:دار الرشيد ، مؤسسة الايمان ،2004
300 _a157ص
336 _atext
_btxt
_2rdacontent
337 _aunmediated
_bn
_2rdamedia
338 _avolume
_bnc
_2rdacarrier
650 4 _aالاسلام-تراجم-حركة المقاومة الاسلامية-احمد ياسين
_938696
999 _aA16279
_c19847
_d19847